000 01489nam a22003977a 4500
001 0035545
003 KOHA_MİRAKIL
005 20260207002944.0
007 ta
008 120217b1997 tu |||gr||||#0|||0|tur |
040 _aTR-BiSEU
_btur
_cTR-BiSEU
_erda
041 0 _atur
044 _ctu
050 _aHG1206.5
_b.K66 1997
111 2 _aKronik enflasyon ekonomiye ve istihdama etkileri semineri (İstanbul : 1997)
_967880
245 1 _aKronik enflasyon ekonomiye ve istihdama etkileri semineri, 20 Haziran 1997 Hyatt Regency Hotel/
_cyayına hazırlayanlar Türkiye İşveren Sendikaları Konfederasyonu, Konrad Adenauer Vakfı.
264 1 _aİstanbul :
_bTürkiye İşveren Sendikaları Konfederasyonu
_c1997
300 _a172 sayfa; 24 cm.
336 _ametin
_btxt
_2rdacontent
337 _aaracısız
_bn
_2rdamedia
338 _acilt
_bnc
_2rdacarrier
490 1 _aTürkiye İşveren Sendikaları Konfederasyonu ;
_vyayın no.
490 1 _a170
650 0 _aEnflasyon (Maliye).
_95738
650 0 _aInflation (Finance).
_95740
650 0 _aEnflasyon (Maliye)--Türkiye.
_918136
650 0 _aInflation (Finance)--Turkey.
_912275
650 0 _aPara politikası.
_98147
650 0 _aMonetary policy.
_98149
650 0 _aİstihdam (Ekonomi teorisi).
_967881
650 0 _aEmployment (Economic theory).
_936003
830 1 _aTürkiye İşveren Sendikaları Konfederasyonu ;
_vyayın no.
_925162
830 1 _a170
_912013
907 _aSeminer
942 _2lcc
_cBK
999 _c35448
_d35448